Movies Quiz

Random Movies or Disney Quiz

Disney Animated Classics Map Quiz Stats

 Plays Quiz not verified by Sporcle

Challenge
Share
Tweet
Score 0/54 Timer 10:00
0 Plays Today
% Correct
Cinderella
92.5%
Snow White and the Seven Dwarfs
92%
Sleeping Beauty
89.2%
The Little Mermaid
88.7%
Fantasia
88.4%
Pinocchio
87.7%
Beauty and the Beast
87.1%
Aladdin
86.9%
The Lion King
85.6%
Mulan
85.6%
Frozen
85.3%
Dumbo
84.6%
Pocahontas
83.8%
Tangled
81.7%
Bambi
81.5%
The Princess and the Frog
80.5%
Hercules
79.9%
Peter Pan
79.4%
Tarzan
78.7%
The Rescuers
78.1%
One Hundred and One Dalmatians
77.9%
The Jungle Book
77.9%
Lady and the Tramp
75.6%
The Aristocats
74.3%
Robin Hood
74.3%
The Hunchback of Notre Dame
74.3%
The Rescuers Down Under
73.8%
% Correct
Oliver and Company
72.8%
Fantasia 2000
72.2%
Alice in Wonderland
71.5%
The Sword in the Stone
71%
The Black Cauldron
70.2%
The Fox and the Hound
69.7%
Bolt
68.4%
The Three Caballeros
67.1%
Make Mine Music
66.8%
Lilo and Stitch
66.8%
The Great Mouse Detective
66.1%
Winnie the Pooh
65.3%
The Emperors New Groove
64.8%
Fun and Fancy Free
64.3%
Atlantis: The Lost Empire
64.3%
Wreck-It Ralph
64%
Brother Bear
62.2%
Big Hero 6
60.2%
Treasure Planet
59.9%
Saludos Amigos
59.1%
The Adventures of Ichabod and Mr Toad
58.4%
Home on the Range
58.4%
Dinosaur
57.8%
Chicken Little
57.1%
Meet the Robinsons
57.1%
Melody Time
55.3%
The Many Adventures of Winnie the Pooh
51.9%

You're not logged in!

Compare scores with friends on all Sporcle quizzes.
Join for Free
OR
Log In

You Might Also Like...

Show Comments

Extras

Top Quizzes Today


Score Distribution

Your Account Isn't Verified!

In order to create a playlist on Sporcle, you need to verify the email address you used during registration. Go to your Sporcle Settings to finish the process.

Report this User

Report this user for behavior that violates our Community Guidelines.

Details: